00573nam a2200205Ia 4500008004100000020001800041050001400059100001500073245002500088245001500113245001500128260001500143260002400158260000900182300001400191300002500205440001500230999001900245952010300264180207s9999 xx 000 0 und d a9780394806228 bD756 1970 aDr. Seuss. aMr. Brown can moo! : bcan you? / cDr. Seuss. aNew York : bRandom House, Inc., c1970 aunpaged : bcolor illustration ; aDr. Seuss. c355214d355214 001040aSSISMbSSISMd2018-02-07l0oER D756 1970pSSISM4759r2018-02-07 00:00:00w2018-02-07yBK